| 000 -LEADER |
| fixed length control field |
02536nam a22004817a 4500 |
| 001 - CONTROL NUMBER |
| control field |
3074040 |
| 003 - CONTROL NUMBER IDENTIFIER |
| control field |
OSt |
| 005 - DATE AND TIME OF LATEST TRANSACTION |
| control field |
20210426122932.0 |
| 008 - FIXED-LENGTH DATA ELEMENTS--GENERAL INFORMATION |
| fixed length control field |
970609s1997 dcuab b f101 0 eng d |
| 010 ## - LIBRARY OF CONGRESS CONTROL NUMBER |
| LC control number |
97067217 |
| 020 ## - INTERNATIONAL STANDARD BOOK NUMBER |
| International Standard Book Number |
0309057345 |
| 035 ## - SYSTEM CONTROL NUMBER |
| System control number |
(OCoLC)37264049 |
| 040 ## - CATALOGING SOURCE |
| Original cataloging agency |
SdB |
| Transcribing agency |
SdB |
| Modifying agency |
DLC |
| Language of cataloging |
eng |
| 041 ## - LANGUAGE CODE |
| Language code of text/sound track or separate title |
eng |
| 042 ## - AUTHENTICATION CODE |
| Authentication code |
lccopycat |
| 043 ## - GEOGRAPHIC AREA CODE |
| Geographic area code |
e-ur--- |
| 050 04 - LIBRARY OF CONGRESS CALL NUMBER |
| Classification number |
HB1437 |
| Item number |
.P73 1997 |
| 080 ## - UNIVERSAL DECIMAL CLASSIFICATION NUMBER |
| Universal Decimal Classification number |
614 |
| Item number |
B-72 |
| 100 ## - MAIN ENTRY--PERSONAL NAME |
| 9 (RLIN) |
731 |
| Personal name |
Bobadilla, José. Luis |
| 245 00 - TITLE STATEMENT |
| Title |
Premature death in the new independent states / |
| Statement of responsibility, etc. |
José Luis Bobadilla, Christine A. Costello, and Faith Mitchell, editors ; Committee on Population, Commission on Behavioral and Social Sciences and Education, National Research Council. |
| Remainder of title |
/ by: National Academy Press |
| 260 ## - PUBLICATION, DISTRIBUTION, ETC. |
| Place of publication, distribution, etc. |
Washington, D.C. |
| Name of publisher, distributor, etc. |
National Academy Press |
| Date of publication, distribution, etc. |
1997. |
| 300 ## - PHYSICAL DESCRIPTION |
| Extent |
x, 404 p. |
| Other physical details |
ill., maps |
| Dimensions |
23 cm. |
| 500 ## - GENERAL NOTE |
| General note |
"The Workshop on Mortality and Disability in the New Independent States and the Workshop on Adult Health Priorities and Policies in the New Independent States were held September and November 1994, respectively ... volume includes an overview and revised versions of 13 of the papers"--P. vii. |
| 504 ## - BIBLIOGRAPHY, ETC. NOTE |
| Bibliography, etc. note |
Includes bibliographical references and index. |
| 650 #0 - SUBJECT ADDED ENTRY--TOPICAL TERM |
| Topical term or geographic name entry element |
Premature death |
| Geographic subdivision |
Former Soviet republics |
| Form subdivision |
Congresses. |
| 650 #0 - SUBJECT ADDED ENTRY--TOPICAL TERM |
| Topical term or geographic name entry element |
Public Health |
| 9 (RLIN) |
337 |
| 650 #0 - SUBJECT ADDED ENTRY--TOPICAL TERM |
| Topical term or geographic name entry element |
Mortality |
| Geographic subdivision |
Former Soviet republics |
| Form subdivision |
Congresses. |
| 650 #0 - SUBJECT ADDED ENTRY--TOPICAL TERM |
| Topical term or geographic name entry element |
Life expectancy |
| Geographic subdivision |
Former Soviet republics |
| Form subdivision |
Congresses. |
| 650 #0 - SUBJECT ADDED ENTRY--TOPICAL TERM |
| Topical term or geographic name entry element |
Preventive health services |
| Geographic subdivision |
Former Soviet republics |
| Form subdivision |
Congresses. |
| 653 ## - INDEX TERM--UNCONTROLLED |
| Uncontrolled term |
საზოგადოებრივი ჯანდაცვა |
| 653 ## - INDEX TERM--UNCONTROLLED |
| Uncontrolled term |
სიცოცხლის ხანგრძლივობა |
| 653 ## - INDEX TERM--UNCONTROLLED |
| Uncontrolled term |
სიკვდილიანობა |
| 653 ## - INDEX TERM--UNCONTROLLED |
| Uncontrolled term |
პრევენციული მედიცინის სერვისები |
| 700 1# - ADDED ENTRY--PERSONAL NAME |
| Personal name |
Bobadilla, José Luis. |
| 700 1# - ADDED ENTRY--PERSONAL NAME |
| Personal name |
Costello, Christine A. |
| 700 1# - ADDED ENTRY--PERSONAL NAME |
| Personal name |
Mitchell, Faith, |
| Dates associated with a name |
1952- |
| 710 2# - ADDED ENTRY--CORPORATE NAME |
| Corporate name or jurisdiction name as entry element |
National Research Council (U.S.). |
| Subordinate unit |
Committee on Population. |
| 711 2# - ADDED ENTRY--MEETING NAME |
| Meeting name or jurisdiction name as entry element |
Workshop on Mortality and Disability in the New Independent States |
| Date of meeting or treaty signing |
(1994 : |
| Location of meeting |
Washington, D.C.) |
| 711 2# - ADDED ENTRY--MEETING NAME |
| Meeting name or jurisdiction name as entry element |
Workshop on Adult Health Priorities and Policies in the New Independent States |
| Date of meeting or treaty signing |
(1994 : |
| Location of meeting |
Washington, D.C.) |
| 906 ## - LOCAL DATA ELEMENT F, LDF (RLIN) |
| a |
7 |
| b |
cbc |
| c |
copycat |
| d |
2 |
| e |
opcn |
| f |
19 |
| g |
y-gencatlg |
| 942 ## - ADDED ENTRY ELEMENTS (KOHA) |
| Source of classification or shelving scheme |
|
| Koha item type |
Books |